Concrete mathematics: a foundation for computer science
Zapisane w:
| Główni autorzy: | , , |
|---|---|
| Format: | Książka |
| Język: | angielski |
| Wydane: |
Reading
Addison-Wesley
1989
|
| Hasła przedmiotowe: | |
| Etykiety: |
Dodaj etykietę
Nie ma etykietki, Dołącz pierwszą etykiete!
|
MARC
| LEADER | 00000nam a2200000 a 4500 | ||
|---|---|---|---|
| 001 | UCW0804 | ||
| 003 | CL-VaPUC | ||
| 008 | 890810e19890000US |||||||||||||||||eng|d | ||
| 082 | 0 | 4 | |a 519.7 |b GRA |2 21 |
| 100 | |a Graham, Ronald Lewis |e author |9 305422 | ||
| 700 | |a Knuth, Donald Ervin |e author |9 350606 | ||
| 700 | 0 | |a Patashnik, Oren |e author |9 304743 | |
| 245 | 1 | 0 | |a Concrete mathematics: a foundation for computer science |
| 300 | |a 625 p | ||
| 942 | |c BK | ||
| 945 | |d 19890810 00:00:00 | ||
| 260 | |a Reading |b Addison-Wesley |c 1989 | ||
| 650 | 0 | |a Procesamiento electrónico de datos |9 259457 | |
| 650 | 0 | |a Matemática |9 260235 | |
| 583 | |a last modification |c 19890810 00:00:00 |k Rodrigo Vera | ||
| 999 | |c 215860 |d 215858 | ||
| 952 | |0 0 |1 0 |4 0 |6 519_700000000000000_GRA_1989 |7 0 |8 A |9 201011 |a BIBMAT |b BIBMAT |d 2019-11-14 |i 2681366 |o 519.7 GRA 1989 |p 2681366 |r 2025-01-07 |w 2019-11-14 |y BK |k MAT | ||